Non-market entrepreneurship : (Record no. 11047)
[ view plain ]
| 000 -LEADER | |
|---|---|
| fixed length control field | 00796nam a22002415a 4500 |
| 001 - CONTROL NUMBER | |
| control field | 15361314 |
| 005 - DATE AND TIME OF LATEST TRANSACTION | |
| control field | 20201128013539.0 |
| 008 - FIXED-LENGTH DATA ELEMENTS--GENERAL INFORMATION | |
| fixed length control field | 080710s2008 mau 000 0 eng |
| 010 ## - LIBRARY OF CONGRESS CONTROL NUMBER | |
| LC control number | 2008932863 |
| 020 ## - INTERNATIONAL STANDARD BOOK NUMBER | |
| International Standard Book Number | 9781847200068 (hardback) |
| 040 ## - CATALOGING SOURCE | |
| Original cataloging agency | DLC |
| Transcribing agency | DLC |
| 082 ## - DEWEY DECIMAL CLASSIFICATION NUMBER | |
| Edition number | 22 |
| Classification number | 338.04 |
| Item number | NON |
| 245 00 - TITLE STATEMENT | |
| Title | Non-market entrepreneurship : |
| Remainder of title | Interdisciplinary approaches / |
| Statement of responsibility, etc | Edited by Gordon E. Shockley, Peter M. Frank, Roger R. Stough. |
| 260 ## - PUBLICATION, DISTRIBUTION, ETC. (IMPRINT) | |
| Place of publication, distribution, etc | Northampton, UK : |
| Name of publisher, distributor, etc | Edward Elgar, |
| Date of publication, distribution, etc | c2008. |
| 300 ## - PHYSICAL DESCRIPTION | |
| Extent | xvi, 247p.: |
| Dimensions | 24 cm. |
| 504 ## - BIBLIOGRAPHY, ETC. NOTE | |
| Bibliography, etc | Includes bibliographical references and index. |
| 650 ## - SUBJECT ADDED ENTRY--TOPICAL TERM | |
| 9 (RLIN) | 240 |
| Topical term or geographic name as entry element | Entrepreneurship. |
| 700 1# - ADDED ENTRY--PERSONAL NAME | |
| 9 (RLIN) | 2237 |
| Personal name | Shockley, Gordon E. |
| 700 1# - ADDED ENTRY--PERSONAL NAME | |
| 9 (RLIN) | 2238 |
| Personal name | Frank, Peter M. |
| 700 1# - ADDED ENTRY--PERSONAL NAME | |
| 9 (RLIN) | 2239 |
| Personal name | Stough, Roger. |
| 942 ## - ADDED ENTRY ELEMENTS (KOHA) | |
| Source of classification or shelving scheme | Dewey Decimal Classification |
| Item type | Book - Borrowing |
| Withdrawn status | Item status | Source of classification or shelving scheme | Damaged status | Not for loan | Vendor | Home library | Current library | Shelving location | Date acquired | Source of acquisition | Cost, normal purchase price | Serial Enumeration / chronology | Total Checkouts | Total Renewals | Full call number | Barcode | Date last seen | Date last borrowed | Koha item type |
|---|---|---|---|---|---|---|---|---|---|---|---|---|---|---|---|---|---|---|---|
| Dewey Decimal Classification | Baccah | Central Library | Central Library | First floor | 08/03/2009 | 600.00 | 7370 | 2 | 2 | 338.04 NON | 000015392 | 15/07/2025 | 21/12/2010 | Book - Borrowing |